ბათუმის შოთა რუსთაველის სახელმწიფო უნივერსიტეტის ბიბლიოთეკა

მეფე–მამა : სტალინის დიდი ექსპერიმენტი / (ბიბ.ჩანაწერი № 44991)

000 -ლიდერი
ფიქსირებული სიგრძის საკონტროლო ველი 01099nam a2200229Ia 4500
001 - საკონტროლო ნომერი
საკონტროლო ველი 11812
003 - საკონტროლო ნომრის იდენტიფიკატორი
საკონტროლო ველი GE_BSU
005 - ბოლო ოპერაციის თარიღი და დრო
საკონტროლო ველი 20240618104926.0
008 - ფიქსირებული სიგრძის მონაცემთა ელემენტები - ზოგადი ინფორმაცია
ფიქსირებული სიგრძის საკონტროლო ველი 181216s2014||||ge |||||||||||||| ||geo||
020 ## - წიგნის საერთაშორისო სტანდარტული ნომერი
International Standard Book Number 9789941445644
040 ## - კატალოგიზაციის წყარო
Transcribing agency GE_BSU
041 ## - ენის კოდი
Language code of text/sound track or separate title geo
080 ## - უნივერსალური ათობითი კლასიფიკაციის ინდექსი
Universal Decimal Classification number 329.150.1(092სტალინი) გ-97
100 ## - მთავარი ჩანაწერი - პიროვნების სახელი
Personal name გურული, ვახტანგ
9 (RLIN) 22463
245 ## - ცნობა სათაურის შესახებ
Title მეფე–მამა : სტალინის დიდი ექსპერიმენტი /
Statement of responsibility, etc ვახტანგ გურული ; რედ. სერგო ვარდოსანიძე.
250 ## - გამოცემის ცნობა
Edition statement მეორე შევსებული და გადამუშავებული გამოცემა
264 ## - წარმოების, გამოცემის, დისტრიბუციის და სხვა ცნობები
გამოცემის, წარმოების, დისტრიბუციის... ადგილი თბილისი :
გამოცემის, წარმოების, დისტრიბუციის... სახელწოდება არტანუჯი,
გამოცემის, წარმოების, დისტრიბუციის... თარიღი 2014.
300 ## - ფიზიკური აღწერა
Extent 234 გვ. ;
Dimensions 20 სმ.
653 ## - INDEX TERM--UNCONTROLLED
Uncontrolled term მეფე–მამა : სტალინის დიდი ექსპერიმენტი
700 ## - ADDED ENTRY--PERSONAL NAME
Personal name ვარდოსანიძე, სერგო
Relator term რედაქტორი
9 (RLIN) 22464
942 ## - ADDED ENTRY ELEMENTS (KOHA)
Koha item type წიგნი
Source of classification or shelving scheme
ეგზემპლარები
ჩამოწერის სტატუსი დაკარგული ეგზემპლარის სტატუსი კლასიფიკაციის წყარო ან თაროზე გაწყობის სქემა დაზიანების სტატუსი არ გაიცემა მუდმივი მდებარეობა (დაცვის ადგილი) ამჟამინდელი ადგილსამყოფელი თაროზე განთავსების ადგილი შეძენის თარიღი სრული შენახვის შიფრი შტრიხკოდი ბოლო ოპერაციის თარიღი ეგზემპლარის მიმდევრობითი ნომერი (კეტერი?) ფასის ძალაში შესვლის თარიღი ეგზემპლარის სახეობა
          ბათუმის შოთა რუსთაველის სახელმწიფო უნივერსიტეტის მთავარი ბიბლიოთეკა ბათუმის შოთა რუსთაველის სახელმწიფო უნივერსიტეტის მთავარი ბიბლიოთეკა წიგნსაცავი 2018-12-17 329.150.1(092სტალინი) გ-97 26884 2018-12-17 26884 2018-12-17 წიგნი